[Event "Solingen-ch"]
[Site "Solingen"]
[Date "2011.12.16"]
[Round "7.16"]
[White "Kublanov, Elizabeth"]
[Black "Wolf, Wieland"]
[Result "1/2-1/2"]
[WhiteElo "863"]
[BlackElo "1392"]
[PlyCount "60"]
[EventDate "2011.??.??"]
[WhiteTeam "Schachgesellschaft Solingen e.V."]
[BlackTeam "Schachgesellschaft Solingen e.V."]

1. d4 g5 2. Bxg5 Bg7 3. Nf3 h6 4. Bf4 Nf6 5. Nbd2 b6 6. e4 d5 7. e5 Ne4 8. Nxe4
dxe4 9. Nd2 Qxd4 10. Qh5 Be6 11. Rd1 Qxb2 12. Nxe4 Qxc2 13. Bd3 Qxa2 14. O-O
Nc6 15. Bb5 Bd7 16. e6 Qxe6 17. Rfe1 Qg6 18. Qd5 O-O-O 19. Ng3 Bg4 20. Rxe7
Rxd5 21. Rxc7+ Kb8 22. Rxc6+ Kb7 23. Rxg6 Rxd1+ 24. Nf1 fxg6 25. h3 Bd7 26. Be2
Rxf1+ 27. Kxf1 Rc8 28. Bf3+ Bc6 29. Be2 g5 30. Bh2 a5 1/2-1/2

[Event "Solingen-ch"]
[Site "Solingen"]
[Date "2011.12.16"]
[Round "7.17"]
[White "Barche, Robert"]
[Black "Schubert, Stefan"]
[Result "1-0"]
[WhiteElo "982"]
[BlackElo "949"]
[PlyCount "121"]
[EventDate "2011.??.??"]
[WhiteTeam "Schachgesellschaft Solingen e.V."]
[BlackTeam "Schachgesellschaft Solingen e.V."]

1. c4 c5 2. g3 d5 3. Bg2 Nf6 4. Nc3 e6 5. e3 Be7 6. Nge2 O-O 7. O-O Nc6 8. b3
d4 9. Nb5 a6 10. Na3 e5 11. Bb2 d3 12. Nc1 Bg4 13. Bf3 Bxf3 14. Qxf3 e4 15. Qf4
Qd6 16. Qxd6 Bxd6 17. Kg2 Be5 18. Bxe5 Nxe5 19. Rb1 Nf3 20. Rd1 Rfb8 21. Nxd3
exd3 22. Kxf3 Re8 23. b4 b6 24. bxc5 b5 25. cxb5 axb5 26. Rb3 b4 27. Nc4 Rxa2
28. Rxd3 Rc2 29. Rd4 Re4 30. Nd6 Rxd4 31. exd4 b3 32. Ke3 Ng4+ 33. Ke2 b2 34.
Rb1 Kf8 35. Kd1 Rc1+ 36. Rxc1 Nxf2+ 37. Kc2 bxc1=Q+ 38. Kxc1 Ke7 39. Kc2 g6 40.
Kc3 f5 41. Kc4 Ke6 42. d5+ Kd7 43. Kd4 h5 44. Ke5 Ng4+ 45. Kf4 Nxh2 46. Ke5
Nf3+ 47. Kf4 Nxd2 48. Ke5 Nf3+ 49. Kf4 Nd4 50. Kg5 Ne2 51. Kxg6 Nxg3 52. Nxf5
Nxf5 53. Kxf5 h4 54. Kg4 h3 55. Kxh3 Ke7 56. Kg4 Kf6 57. Kf4 Ke7 58. Ke5 Kd7
59. c6+ Ke8 60. Ke6 Kd8 61. d6 1-0

[Event "Solingen-ch"]
[Site "Solingen"]
[Date "2011.12.16"]
[Round "7.19"]
[White "Moeller, Laura"]
[Black "Schubert, Florian"]
[Result "1-0"]
[WhiteElo "770"]
[BlackElo "710"]
[PlyCount "59"]
[EventDate "2011.??.??"]
[WhiteTeam "Schachgesellschaft Solingen e.V."]
[BlackTeam "Schachgesellschaft Solingen e.V."]

1. c4 g6 2. g3 Bg7 3. Nc3 Nf6 4. Bg2 O-O 5. Nf3 Nc6 6. d3 e5 7. Bg5 b6 8. Nd5
Bb7 9. d4 exd4 10. Nxd4 Ne7 11. e4 Nexd5 12. cxd5 Qe8 13. Bxf6 Bxf6 14. Nb5
Bxd5 15. Nxc7 Qe7 16. Nxa8 Rxa8 17. Qxd5 Re8 18. O-O Bxb2 19. Rad1 Be5 20. Bh3
Rd8 21. f4 Bd6 22. e5 Bc5+ 23. Kh1 b5 24. f5 gxf5 25. Rxf5 a5 26. Rdf1 b4 27.
Rxf7 a4 28. Rxe7+ Kh8 29. Rff7 b3 30. Rxh7# 1-0